Państwa najczęściej odwiedzane przez Brytyjczyków - Statystyki

Ogólne statystyki
  • Ten quiz został rozwiązany 4 446 razy
    4 317 od ostatniego zresetowania
  • Średni wynik to 15 z 20
Statystyki odpowiedzi
Liczba turystów Państwo % Poprawnych
2,77 mln Polska
98%
3,9 mln Stany Zjednoczone
98%
9,16 mln Francja
97%
17,8 mln Hiszpania
97%
2,44 mln Niemcy
95%
4,89 mln Włochy
93%
3,44 mln Irlandia
90%
3,96 mln Portugalia
90%
4,13 mln Grecja
83%
2,66 mln Holandia
81%
1,29 mln Belgia
79%
3,2 mln Turcja
79%
0,723 mln Austria
74%
1,07 mln Szwajcaria
73%
1,94 mln Indie
58%
0,951 mln Maroko
53%
0,797 mln Węgry
47%
1,45 mln Rumunia
40%
0,806 mln Cypr
39%
1,31 mln Zjednoczone Emiraty Arabskie
34%
Nie znaleziono quizów pasujących do podanych kryteriów
Rozkład punktacji
Procent ludzi z każdym wynikiem
Percentyl według liczby udzielonych odpowiedzi
Twoja historia wyników
Nie rozwiązałeś tego quizu od ostatniego zresetowania